Smallest States by Area - Statistics

General Stats
  • This quiz has been taken 20 times
  • The average score is 10 of 10
Answer Stats
Size Answer % Correct
14,357 km2 Connecticut
100%
32,133 km2 Maryland
100%
22,591 km2 New Jersey
100%
3,144 km2 Rhode Island
100%
24,923 km2 Vermont
100%
5,130 km2 Delaware
95%
28,311 km2 Hawaii
95%
24,214 km2 New Hampshire
95%
27,337 km2 Massachusetts
90%
62,361 km2 West Virginia
85%
No matching quizzes found
Score Distribution
Percent of People with Each Score
Percentile by Number Answered
Your Score History
You have not taken this quiz